| 000 | 00545nam a22001697a 4500 | ||
|---|---|---|---|
| 003 | MACL | ||
| 005 | 20160724151750.0 | ||
| 008 | 160724b xxu||||| |||| 00| 0 eng d | ||
| 040 | _cMACL | ||
| 041 | _aHindi | ||
| 082 | _a891.432 AGA | ||
| 100 |
_aअग्रवाल, प्रतिभा _961724 |
||
| 245 |
_aसूरदास _cप्रतिभा अग्रवाल |
||
| 260 |
_aकोलकाता _bसाहित्य निधि प्रकाशन _c2012 |
||
| 650 |
_aनाटक _965254 |
||
| 942 |
_2ddc _cHIN |
||
| 999 |
_c54923 _d54923 |
||